000 00381nam a2200157Ia 4500
008 210210b1949 xxu||||| |||| 00| 0 eng d
041 _aeng
082 _a825/81
100 _aBERDOE (E)
245 _aBrowning cyclopaedia
260 _aLondon
_bGeorge Allen & Unwin Ltd
_c1949
650 _acyclopaedia
650 _aBrowning
690 _aEnglish Criticism
906 _a014399
999 _c133576
_d133576